[Event "DVM U16w 2021"]
[Site "Berlin GER"]
[Date "2022.04.30"]
[Round "2"]
[White "Trunz, Michelle"]
[Black "Werner, Rosalie"]
[Result "1-0"]
[Termination "normal"]
[Board "9.1"]
[WhiteElo "1708"]
[BlackElo "1712"]
[WhiteTeam "Schachgemeinschaft Porz e. V. 2"]
[BlackTeam "VSG 1880 Offenbach"]
[PlyCount "73"]
[WhiteFideId "16227980"]
[BlackFideId "16223748"]
[EventCountry "GER"]
[EventRounds "7"]
[EventType "team-swiss"]
[EventDate "2022.04.29"]

1. d4 Nf6 2. c4 d6 3. Nc3 Nbd7 4. e4 e5 5. d5 Nc5 6. Bd3 a5 7. h3 g6 8. Bg5
Bg79. Nf3 h6 10. Be3 Qe7 11. O-O O-O 12. a3 Bd7 13. Qc2 a4 14. Bxc5 dxc5 15.
Nh2 Nh5 16. Be2 Nf4 17. Bf3 f5 18. Ne2 Nxe2+ 19. Qxe2 Ra6 20. Rfd1 Qg5 21. Kh1
Qh4 22. Rd2 Rb6 23. Rad1 h5 24. g3 Qe7 25. exf5 Bxf5 26. g4 hxg4 27. hxg4 Bd7
28.Be4 Bh6 29. Rd3 Qh4 30. f3 Bg5 31. d6 cxd6 32. Rxd6 Rxd6 33. Rxd6 Bf5 34.
Bxf5 gxf5 35. Qxe5 Bf4 36. Rg6+ Kf7 37. Qe6# 1-0

[Event "DVM U16w 2021"]
[Site "Berlin GER"]
[Date "2022.04.30"]
[Round "2"]
[White "Neininger, Sarah"]
[Black "Siegel, Irene"]
[Result "1-0"]
[Termination "normal"]
[Board "9.2"]
[WhiteElo "1404"]
[BlackElo "1263"]
[WhiteTeam "VSG 1880 Offenbach"]
[BlackTeam "Schachgemeinschaft Porz e. V. 2"]
[PlyCount "51"]
[WhiteFideId "16287410"]
[BlackFideId "16284380"]
[EventCountry "GER"]
[EventRounds "7"]
[EventType "team-swiss"]
[EventDate "2022.04.29"]

1. e4 e5 2. Nf3 Nc6 3. Bb5 Nf6 4. O-O d6 5. Re1 a6 6. Ba4 b5 7. Bb3 Bg4 8. c3
Be7 9. h3 Bh5 10. d3 h6 11. Nbd2 O-O 12. Nf1 Qd7 13. Ng3 Bd8 14. Nxh5 Nxh5 15.
d4 Re8 16. dxe5 Nxe5 17. Nxe5 Rxe5 18. f4 Nxf4 19. Bxf4 Re8 20. e5 Qf5 21. Rf1
Rf8 22. Qd5 Be7 23. exd6 Qxd5 24. Bxd5 Rae8 25. dxe7 Rxe7 26. Rae1 1-0

[Event "DVM U16w 2021"]
[Site "Berlin GER"]
[Date "2022.04.30"]
[Round "2"]
[White "Popovidou, Laura"]
[Black "Wagner, Lea"]
[Result "0-1"]
[Termination "normal"]
[Board "9.3"]
[WhiteElo "1090"]
[BlackElo "757"]
[WhiteTeam "Schachgemeinschaft Porz e. V. 2"]
[BlackTeam "VSG 1880 Offenbach"]
[PlyCount "74"]
[WhiteFideId "16255836"]
[BlackFideId "34620680"]
[EventCountry "GER"]
[EventRounds "7"]
[EventType "team-swiss"]
[EventDate "2022.04.29"]

1. e4 e5 2. Nf3 Nf6 3. Bc4 Nc6 4. Nc3 Bb4 5. d3 d5 6. exd5 Nxd5 7. Bd2 Nxc3 8.
bxc3 Bc5 9. Bb5 Bg4 10. Qc1 Bxf3 11. gxf3 O-O 12. Bg5 Qd5 13. Qd1 e4 14. Bf4
Bxf2+ 15. Kxf2 Qxb5 16. Rb1 Qc5+ 17. Be3 Qxc3 18. fxe4 b6 19. Rg1 Rad8 20. Rb3
Qf6+ 21. Ke1 Qh4+ 22. Rg3 Qxh2 23. Bf4 Qh1+ 24. Kd2 Qxd1+ 25. Kxd1 Rd7 26. Bh6
f6 27. a4 a6 28. Ke2 Nd4+ 29. Ke3 Nxb3 30. cxb3 c5 31. Rg2 f5 32. exf5 Rxf5 33.
Ke4 Rfd5 34. Bd2 Rxd3 35. Be1 R7d4+ 36. Ke5 Rxb3 37. a5 Re3+ 0-1

[Event "DVM U16w 2021"]
[Site "Berlin GER"]
[Date "2022.05.01"]
[Round "3"]
[White "Glowiak, Alexandra"]
[Black "Dietz, Kristin"]
[Result "0-1"]
[Termination "normal"]
[Board "1.1"]
[WhiteElo "1496"]
[BlackElo "1707"]
[WhiteClock "00:14:10"]
[BlackClock "00:17:08"]
[WhiteTeam "Chemnitzer SC Aufbau95"]
[BlackTeam "USV Halle"]
[PlyCount "58"]
[WhiteFideId "16259530"]
[BlackFideId "12993743"]
[EventCountry "GER"]
[EventRounds "7"]
[EventType "team-swiss"]
[EventDate "2022.04.29"]

1. e4 {[%clk 1:30:56]} c5 {[%clk 1:30:56]} 2. Nf3 {[%clk 1:31:19]} e6 {[%clk
1:31:22]} 3. d4 {[%clk 1:31:43]} cxd4 {[%clk 1:31:50]} 4. Nxd4 {[%clk 1:32:06]}
a6 {[%clk 1:32:16]} 5. Nc3 {[%clk 1:30:19]} Qc7 {[%clk 1:32:31]} 6. Bd3 {[%clk
1:28:33]} Nf6 {[%clk 1:32:18]} 7. f4 {[%clk 1:24:13]} d6 {[%clk 1:32:19]} 8.
Be3 {[%clk 1:22:03]} b5 {[%clk 1:32:09]} 9. Nb3 {[%clk 1:16:56]} Bb7 {[%clk
1:30:02]} 10. O-O {[%clk 1:14:04]} Nbd7 {[%clk 1:23:44]} 11. Qf3 {[%clk
0:54:05]} Nc5 {[%clk 1:10:46]} 12. Nxc5 {[%clk 0:44:51]} dxc5 {[%clk 1:11:11]}
13. a3 {[%clk 0:43:28]} c4 {[%clk 1:03:21]} 14. Be2 {[%clk 0:43:42]} Bc5 {[%clk
1:02:23]} 15. Rfd1 {[%clk 0:36:00]} Ng4 {[%clk 0:58:07]} 16. Qxg4 {[%clk
0:33:52]} Bxe3+ {[%clk 0:58:25]} 17. Kh1 {[%clk 0:33:50]} O-O {[%clk 0:50:54]}
18. e5 {[%clk 0:31:25]} Rad8 19. Qg3 {[%clk 0:22:22]} Bd4 {[%clk 0:38:06]} 20.
Rab1 {[%clk 0:21:45]} f6 {[%clk 0:37:14]} 21. Bg4 {[%clk 0:20:21]} Qf7 {[%clk
0:32:43]} 22. Qh3 {[%clk 0:20:05]} f5 {[%clk 0:31:46]} 23. Bf3 {[%clk 0:19:34]}
g5 {[%clk 0:24:40]} 24. Bxb7 {[%clk 0:17:34]} Qxb7 {[%clk 0:25:07]} 25. fxg5
{[%clk 0:17:02]} Bxe5 {[%clk 0:25:04]} 26. Re1 {[%clk 0:16:22]} Bxc3 {[%clk
0:18:55]} 27. Qxc3 {[%clk 0:16:38]} Rfe8 {[%clk 0:18:30]} 28. Re3 {[%clk
0:14:50]} Qd5 {[%clk 0:17:38]} 29. Rbe1 {[%clk 0:14:10]} e5 {[%clk 0:17:08]} *

[Event "DVM U16w 2021"]
[Site "Berlin GER"]
[Date "2022.05.01"]
[Round "3"]
[White "Voigt, Anastasia"]
[Black "Czäczine, Paula"]
[Result "1-0"]
[Termination "normal"]
[Board "1.2"]
[WhiteElo "1630"]
[BlackElo "1127"]
[WhiteClock "00:07:36"]
[BlackClock "00:20:20"]
[WhiteTeam "USV Halle"]
[BlackTeam "Chemnitzer SC Aufbau95"]
[PlyCount "53"]
[WhiteFideId "16235223"]
[BlackFideId "16249305"]
[EventCountry "GER"]
[EventRounds "7"]
[EventType "team-swiss"]
[EventDate "2022.04.29"]

1. e4 {[%clk 1:30:57]} e5 {[%clk 1:30:56]} 2. Nf3 {[%clk 1:31:24]} Nc6 {[%clk
1:31:20]} 3. Bc4 {[%clk 1:31:51]} Nf6 {[%clk 1:31:43]} 4. d3 {[%clk 1:32:16]}
d5 {[%clk 1:32:06]} 5. exd5 {[%clk 1:32:00]} Nxd5 {[%clk 1:32:28]} 6. O-O
{[%clk 1:31:28]} Bc5 {[%clk 1:32:52]} 7. Re1 {[%clk 1:30:35]} O-O {[%clk
1:33:15]} 8. Nbd2 {[%clk 1:26:41]} Re8 {[%clk 1:30:24]} 9. Ne4 {[%clk 1:25:39]}
Bb6 {[%clk 1:27:53]} 10. Bg5 {[%clk 1:19:48]} f6 {[%clk 1:14:02]} 11. Bxf6
{[%clk 1:14:23]} gxf6 {[%clk 1:12:55]} 12. Bxd5+ {[%clk 1:14:43]} Be6 {[%clk
1:12:20]} 13. Bxe6+ {[%clk 1:13:21]} Rxe6 {[%clk 1:12:40]} 14. Nh4 {[%clk
1:06:35]} Re8 {[%clk 0:50:35]} 15. Nf5 {[%clk 1:04:44]} Kh8 {[%clk 0:47:48]}
16. Nh6 {[%clk 1:01:38]} Qe7 {[%clk 0:45:21]} 17. Ng3 {[%clk 0:53:38]} Nd4
{[%clk 0:40:20]} 18. Re4 {[%clk 0:21:12]} Qg7 {[%clk 0:33:57]} 19. Qh5 {[%clk
0:15:07]} Qg6 {[%clk 0:27:57]} 20. Nf7+ {[%clk 0:10:48]} Kg7 {[%clk 0:27:29]}
21. Rg4 {[%clk 0:10:35]} Kxf7 {[%clk 0:27:18]} 22. Rxg6 {[%clk 0:10:45]} hxg6
{[%clk 0:27:38]} 23. Qd1 {[%clk 0:06:29]} f5 {[%clk 0:23:02]} 24. c3 {[%clk
0:06:48]} Nc6 {[%clk 0:22:49]} 25. Qb3+ {[%clk 0:07:11]} Kg7 {[%clk 0:22:10]}
26. Re1 {[%clk 0:07:21]} Rad8 {[%clk 0:20:20]} 27. Qc2 {[%clk 0:07:36]} *

[Event "DVM U16w 2021"]
[Site "Berlin GER"]
[Date "2022.05.01"]
[Round "3"]
[White "Czäczine, Laura"]
[Black "Stowicek, Yara Mathilda"]
[Result "1-0"]
[Termination "normal"]
[Board "1.3"]
[WhiteElo "1358"]
[BlackElo "1771"]
[WhiteClock "00:22:17"]
[BlackClock "00:10:43"]
[WhiteTeam "Chemnitzer SC Aufbau95"]
[BlackTeam "USV Halle"]
[PlyCount "68"]
[WhiteFideId "16211448"]
[BlackFideId "16203569"]
[EventCountry "GER"]
[EventRounds "7"]
[EventType "team-swiss"]
[EventDate "2022.04.29"]

1. e4 {[%clk 1:30:59]} e5 {[%clk 1:30:55]} 2. Nf3 {[%clk 1:31:25]} Nc6 {[%clk
1:31:18]} 3. d4 {[%clk 1:31:51]} exd4 {[%clk 1:31:36]} 4. c3 {[%clk 1:32:15]}
dxc3 {[%clk 1:31:21]} 5. Bc4 {[%clk 1:32:38]} cxb2 {[%clk 1:31:05]} 6. Bxb2
{[%clk 1:33:03]} d6 {[%clk 1:31:20]} 7. O-O {[%clk 1:32:57]} Be6 {[%clk
1:31:03]} 8. Bb5 {[%clk 1:31:14]} Qd7 {[%clk 1:27:40]} 9. Nc3 {[%clk 1:25:16]}
Nge7 {[%clk 1:16:03]} 10. Qe2 {[%clk 1:16:11]} O-O-O {[%clk 1:10:20]} 11. Rfd1
{[%clk 1:14:28]} Qe8 {[%clk 1:09:56]} 12. Qe3 {[%clk 1:11:41]} a6 {[%clk
1:05:13]} 13. Ba4 {[%clk 1:11:59]} f6 {[%clk 1:02:03]} 14. Rab1 {[%clk
1:08:52]} Qf7 {[%clk 0:48:15]} 15. Nd4 {[%clk 1:03:22]} Nxd4 {[%clk 0:46:19]}
16. Qxd4 {[%clk 1:02:55]} c5 {[%clk 0:46:09]} 17. Qd2 {[%clk 0:58:50]} Bc4
{[%clk 0:42:32]} 18. Ba1 {[%clk 0:49:00]} Ng6 {[%clk 0:34:41]} 19. Qb2 {[%clk
0:39:24]} Qc7 {[%clk 0:32:00]} 20. Bb3 {[%clk 0:36:35]} Bxb3 {[%clk 0:29:56]}
21. Qxb3 {[%clk 0:36:55]} Ne5 {[%clk 0:28:15]} 22. Nd5 {[%clk 0:36:38]} Qc6
{[%clk 0:27:03]} 23. Bc3 {[%clk 0:34:59]} Kb8 {[%clk 0:21:36]} 24. Ba5 {[%clk
0:34:03]} Rd7 {[%clk 0:21:06]} 25. Rdc1 {[%clk 0:32:56]} b5 {[%clk 0:20:11]}
26. a4 {[%clk 0:32:38]} Rb7 {[%clk 0:20:28]} 27. Nb4 {[%clk 0:32:38]} Qxe4
{[%clk 0:19:12]} 28. Nxa6+ {[%clk 0:32:03]} Kc8 {[%clk 0:16:57]} 29. Qe6+
{[%clk 0:31:12]} Rd7 {[%clk 0:15:52]} 30. Qe8+ {[%clk 0:27:56]} Kb7 {[%clk
0:16:06]} 31. Qb8+ {[%clk 0:26:46]} Kc6 {[%clk 0:14:20]} 32. Qa8+ {[%clk
0:26:00]} Rb7 {[%clk 0:14:23]} 33. axb5+ {[%clk 0:26:13]} Kd7 {[%clk 0:14:37]}
34. Nc7 {[%clk 0:22:17]} Nd3 {[%clk 0:10:43]} *

[Event "DVM U16w 2021"]
[Site "Berlin GER"]
[Date "2022.05.01"]
[Round "3"]
[White "Derling, Charlotte"]
[Black "Brewig, Bea Josephine"]
[Result "1-0"]
[Termination "normal"]
[Board "1.4"]
[WhiteElo "1464"]
[BlackElo "1152"]
[WhiteClock "00:13:37"]
[BlackClock "00:11:24"]
[WhiteTeam "USV Halle"]
[BlackTeam "Chemnitzer SC Aufbau95"]
[PlyCount "52"]
[WhiteFideId "16222237"]
[BlackFideId "16249313"]
[EventCountry "GER"]
[EventRounds "7"]
[EventType "team-swiss"]
[EventDate "2022.04.29"]

1. e4 {[%clk 1:30:55]} e5 {[%clk 1:30:53]} 2. Nf3 {[%clk 1:31:19]} Nc6 {[%clk
1:31:14]} 3. d4 {[%clk 1:31:41]} exd4 {[%clk 1:31:38]} 4. Nxd4 {[%clk 1:32:03]}
Nf6 {[%clk 1:31:58]} 5. Nxc6 {[%clk 1:32:18]} bxc6 {[%clk 1:32:20]} 6. e5
{[%clk 1:32:28]} Qe7 {[%clk 1:32:35]} 7. Qe2 {[%clk 1:32:45]} Nd5 {[%clk
1:32:48]} 8. c4 {[%clk 1:32:55]} Ba6 {[%clk 1:32:59]} 9. b3 {[%clk 1:32:19]}
Qh4 {[%clk 1:32:10]} 10. Bb2 {[%clk 1:23:42]} Bb4+ {[%clk 1:28:26]} 11. Nd2
{[%clk 1:16:30]} Nc3 {[%clk 1:22:58]} 12. Bxc3 {[%clk 1:08:26]} Bxc3 {[%clk
1:22:56]} 13. O-O-O {[%clk 1:04:55]} Qg5 {[%clk 1:06:43]} 14. Kb1 {[%clk
0:58:03]} Bxe5 {[%clk 0:50:51]} 15. Re1 {[%clk 0:46:27]} O-O {[%clk 0:47:52]}
16. Qxe5 {[%clk 0:40:27]} Qxd2 {[%clk 0:47:34]} 17. Qe2 {[%clk 0:36:14]} Qg5
{[%clk 0:43:54]} 18. h4 {[%clk 0:32:35]} Qf5+ {[%clk 0:41:29]} 19. Qc2 {[%clk
0:30:55]} Qa5 {[%clk 0:38:23]} 20. Bd3 {[%clk 0:30:28]} g6 {[%clk 0:38:02]} 21.
h5 {[%clk 0:29:00]} Rae8 {[%clk 0:25:30]} 22. Rd1 {[%clk 0:26:21]} Re6 {[%clk
0:24:35]} 23. f4 {[%clk 0:23:37]} f5 {[%clk 0:17:29]} 24. hxg6 {[%clk 0:21:43]}
hxg6 {[%clk 0:15:42]} 25. g4 {[%clk 0:16:14]} Re7 {[%clk 0:13:08]} 26. Qh2
{[%clk 0:13:37]} Kf7 {[%clk 0:11:24]} *

[Event "DVM U16w 2021"]
[Site "Berlin GER"]
[Date "2022.05.01"]
[Round "3"]
[White "Orlova, Alicia"]
[Black "Lensing, Sienna"]
[Result "1-0"]
[Termination "normal"]
[Board "2.1"]
[WhiteElo "1723"]
[BlackElo "1374"]
[WhiteClock "00:31:27"]
[BlackClock "00:02:31"]
[WhiteTeam "Schachgemeinschaft Porz e. V. 1"]
[BlackTeam "Schachgemeinschaft Turm Raesfeld/Erle"]
[PlyCount "69"]
[WhiteFideId "34154563"]
[BlackFideId "16298381"]
[EventCountry "GER"]
[EventRounds "7"]
[EventType "team-swiss"]
[EventDate "2022.04.29"]

1. e4 {[%clk 1:30:58]} e5 {[%clk 1:30:54]} 2. Nf3 {[%clk 1:31:21]} Nf6 {[%clk
1:31:19]} 3. Nc3 {[%clk 1:31:15]} Bb4 {[%clk 1:31:43]} 4. d3 {[%clk 1:31:23]}
Nc6 {[%clk 1:31:46]} 5. g3 {[%clk 1:29:30]} d5 {[%clk 1:29:59]} 6. exd5 {[%clk
1:29:18]} Nxd5 {[%clk 1:29:38]} 7. Bd2 {[%clk 1:29:31]} Nxc3 {[%clk 1:28:13]}
8. Bxc3 {[%clk 1:28:48]} Bxc3+ {[%clk 1:28:00]} 9. bxc3 {[%clk 1:29:12]} Bg4
{[%clk 1:26:19]} 10. h3 {[%clk 1:28:03]} Bh5 {[%clk 1:17:31]} 11. Bg2 {[%clk
1:26:53]} O-O {[%clk 1:16:19]} 12. g4 {[%clk 1:18:17]} Bg6 {[%clk 1:15:19]} 13.
Nd2 {[%clk 1:14:44]} Qd7 {[%clk 1:11:47]} 14. O-O {[%clk 1:06:57]} f5 {[%clk
1:10:59]} 15. Kh1 {[%clk 1:01:56]} fxg4 {[%clk 1:10:24]} 16. Qxg4 {[%clk
0:59:31]} Qxg4 {[%clk 1:03:33]} 17. hxg4 {[%clk 0:59:44]} Rf6 {[%clk 1:00:20]}
18. Rab1 {[%clk 0:55:54]} b6 {[%clk 0:54:31]} 19. g5 {[%clk 0:55:26]} Re6
{[%clk 0:44:13]} 20. Bd5 {[%clk 0:55:15]} Rae8 {[%clk 0:43:34]} 21. Rbe1 {[%clk
0:53:56]} Kh8 {[%clk 0:43:10]} 22. Bxe6 {[%clk 0:51:39]} Rxe6 {[%clk 0:43:21]}
23. f4 {[%clk 0:51:51]} Re8 {[%clk 0:38:53]} 24. fxe5 {[%clk 0:51:44]} Kg8
{[%clk 0:36:36]} 25. d4 {[%clk 0:44:01]} Bf7 {[%clk 0:29:09]} 26. Rf2 {[%clk
0:41:45]} Bxa2 {[%clk 0:23:23]} 27. Nb3 {[%clk 0:40:43]} a5 {[%clk 0:19:42]}
28. Ra1 {[%clk 0:40:15]} Bxb3 {[%clk 0:19:53]} 29. cxb3 {[%clk 0:40:40]} Nd8
{[%clk 0:18:45]} 30. Raf1 {[%clk 0:40:05]} Ne6 {[%clk 0:15:58]} 31. Rf7 {[%clk
0:39:33]} Nxg5 {[%clk 0:08:13]} 32. Rxc7 {[%clk 0:39:16]} h6 {[%clk 0:05:35]}
33. Kg2 {[%clk 0:33:22]} Kh7 {[%clk 0:04:33]} 34. Rc6 {[%clk 0:32:08]} Rb8
{[%clk 0:02:31]} 35. d5 {[%clk 0:31:27]} *

[Event "DVM U16w 2021"]
[Site "Berlin GER"]
[Date "2022.05.01"]
[Round "3"]
[White "Bone, Franziska"]
[Black "Ramien, Hannah"]
[Result "0-1"]
[Termination "normal"]
[Board "2.2"]
[WhiteElo "1175"]
[BlackElo "1338"]
[WhiteClock "00:21:31"]
[BlackClock "00:03:33"]
[WhiteTeam "Schachgemeinschaft Turm Raesfeld/Erle"]
[BlackTeam "Schachgemeinschaft Porz e. V. 1"]
[PlyCount "50"]
[WhiteFideId "16261488"]
[BlackFideId "16209982"]
[EventCountry "GER"]
[EventRounds "7"]
[EventType "team-swiss"]
[EventDate "2022.04.29"]

1. e4 {[%clk 1:30:58]} e5 {[%clk 1:30:55]} 2. Nf3 {[%clk 1:31:14]} Nc6 {[%clk
1:31:19]} 3. Bc4 {[%clk 1:31:28]} Nf6 {[%clk 1:31:43]} 4. d4 {[%clk 1:30:58]}
exd4 {[%clk 1:30:23]} 5. e5 {[%clk 1:30:45]} d5 {[%clk 1:20:38]} 6. Bb5 {[%clk
1:30:32]} Ne4 {[%clk 1:12:30]} 7. Nxd4 {[%clk 1:30:13]} Bd7 {[%clk 1:09:43]} 8.
Bxc6 {[%clk 1:28:49]} bxc6 {[%clk 1:06:17]} 9. O-O {[%clk 1:27:36]} Bc5 {[%clk
1:04:07]} 10. Be3 {[%clk 1:26:09]} Rb8 {[%clk 0:51:46]} 11. Nd2 {[%clk
1:12:34]} Bxd4 {[%clk 0:45:17]} 12. Bxd4 {[%clk 1:10:46]} Qg5 {[%clk 0:37:02]}
13. f4 {[%clk 1:05:33]} Qg6 {[%clk 0:36:33]} 14. Nxe4 {[%clk 0:55:53]} Qxe4
{[%clk 0:36:26]} 15. Qd2 {[%clk 0:53:22]} O-O {[%clk 0:32:25]} 16. Rae1 {[%clk
0:51:08]} Qg6 {[%clk 0:31:15]} 17. Re3 {[%clk 0:47:26]} Bf5 {[%clk 0:28:12]}
18. Rg3 {[%clk 0:43:51]} Qe6 {[%clk 0:27:18]} 19. Rg5 {[%clk 0:41:37]} h6
{[%clk 0:19:57]} 20. Rg3 {[%clk 0:37:23]} Rb5 {[%clk 0:16:41]} 21. a4 {[%clk
0:30:03]} Rb7 {[%clk 0:16:04]} 22. b3 {[%clk 0:29:42]} Qe7 {[%clk 0:14:10]} 23.
e6 {[%clk 0:25:59]} g6 {[%clk 0:09:00]} 24. exf7+ {[%clk 0:23:31]} Qxf7 {[%clk
0:07:28]} 25. Qc3 {[%clk 0:21:31]} Qd7 {[%clk 0:03:33]} *

[Event "DVM U16w 2021"]
[Site "Berlin GER"]
[Date "2022.05.01"]
[Round "3"]
[White "Sinner, Joselyne"]
[Black "Clauß, Annika"]
[Result "1/2-1/2"]
[Termination "normal"]
[Board "2.3"]
[WhiteElo "1431"]
[BlackElo "1506"]
[WhiteClock "00:06:48"]
[BlackClock "00:20:53"]
[WhiteTeam "Schachgemeinschaft Porz e. V. 1"]
[BlackTeam "Schachgemeinschaft Turm Raesfeld/Erle"]
[PlyCount "43"]
[WhiteFideId "16210387"]
[BlackFideId "16261380"]
[EventCountry "GER"]
[EventRounds "7"]
[EventType "team-swiss"]
[EventDate "2022.04.29"]

1. e4 {[%clk 1:30:58]} c5 {[%clk 1:30:53]} 2. Nc3 {[%clk 1:30:52]} d6 {[%clk
1:31:16]} 3. f4 {[%clk 1:30:55]} Nc6 {[%clk 1:29:33]} 4. Nf3 {[%clk 1:29:08]}
e6 {[%clk 1:28:52]} 5. Bb5 {[%clk 1:15:39]} Bd7 {[%clk 1:28:12]} 6. d3 {[%clk
1:12:25]} Nge7 {[%clk 1:26:03]} 7. e5 {[%clk 1:06:27]} d5 {[%clk 1:24:37]} 8.
O-O {[%clk 0:58:15]} a6 {[%clk 1:22:09]} 9. Bxc6 {[%clk 0:58:33]} Nxc6 {[%clk
1:22:05]} 10. Qe1 {[%clk 0:53:43]} Be7 {[%clk 1:19:29]} 11. Qg3 {[%clk
0:48:23]} g6 {[%clk 1:13:27]} 12. Kh1 {[%clk 0:47:01]} b5 {[%clk 1:10:52]} 13.
Ne2 {[%clk 0:42:25]} Qb6 {[%clk 1:08:07]} 14. Ng5 h6 {[%clk 1:01:25]} 15. Qh3
{[%clk 0:36:32]} Bxg5 {[%clk 0:59:38]} 16. fxg5 {[%clk 0:36:32]} h5 {[%clk
0:59:41]} 17. Qf3 {[%clk 0:28:24]} Rh7 18. Qf6 {[%clk 0:23:04]} Qc7 {[%clk
0:38:06]} 19. Bf4 {[%clk 0:17:31]} Ne7 {[%clk 0:30:33]} 20. Bd2 {[%clk
0:10:42]} Nf5 {[%clk 0:26:40]} 21. Rf3 {[%clk 0:09:10]} Bc6 {[%clk 0:20:53]}
22. d4 {[%clk 0:06:48]} *

[Event "DVM U16w 2021"]
[Site "Berlin GER"]
[Date "2022.05.01"]
[Round "3"]
[White "Bone, Annalena"]
[Black "Brandt, Greta"]
[Result "1-0"]
[Termination "normal"]
[Board "2.4"]
[WhiteElo "1274"]
[BlackElo "1458"]
[WhiteClock "00:36:03"]
[BlackClock "01:06:12"]
[WhiteTeam "Schachgemeinschaft Turm Raesfeld/Erle"]
[BlackTeam "Schachgemeinschaft Porz e. V. 1"]
[PlyCount "39"]
[WhiteFideId "16284453"]
[BlackFideId "34605860"]
[EventCountry "GER"]
[EventRounds "7"]
[EventType "team-swiss"]
[EventDate "2022.04.29"]

1. e4 {[%clk 1:30:57]} e6 {[%clk 1:30:53]} 2. b3 {[%clk 1:31:15]} d5 {[%clk
1:31:10]} 3. Bb2 {[%clk 1:31:15]} dxe4 {[%clk 1:29:06]} 4. Nc3 {[%clk 1:31:29]}
Nf6 {[%clk 1:28:55]} 5. Qe2 {[%clk 1:31:32]} Bb4 {[%clk 1:28:20]} 6. O-O-O
{[%clk 1:30:09]} O-O {[%clk 1:26:10]} 7. Nxe4 {[%clk 1:27:47]} Nxe4 {[%clk
1:25:46]} 8. Qxe4 {[%clk 1:28:07]} Qg5 {[%clk 1:24:26]} 9. Qxb4 {[%clk
1:11:58]} Nc6 {[%clk 1:24:04]} 10. Qe4 {[%clk 1:10:01]} Rd8 {[%clk 1:21:25]}
11. Nf3 {[%clk 1:02:27]} Qc5 {[%clk 1:20:25]} 12. d4 {[%clk 0:54:25]} Qa5
{[%clk 1:16:06]} 13. a4 {[%clk 0:50:12]} Nb4 {[%clk 1:14:56]} 14. Kb1 {[%clk
0:46:33]} c5 {[%clk 1:13:23]} 15. Bd3 {[%clk 0:45:06]} f5 {[%clk 1:12:02]} 16.
Qh4 {[%clk 0:39:31]} a6 {[%clk 1:09:19]} 17. dxc5 {[%clk 0:39:04]} Nxd3 {[%clk
1:09:39]} 18. Rxd3 {[%clk 0:38:09]} Rxd3 {[%clk 1:10:02]} 19. Qe7 {[%clk
0:35:49]} Qd8 {[%clk 1:06:12]} 20. Qxg7# {[%clk 0:36:03]} 1-0

[Event "DVM U16w 2021"]
[Site "Berlin GER"]
[Date "2022.05.01"]
[Round "3"]
[White "Fischer, Darja"]
[Black "Reich, Elisabeth"]
[Result "1-0"]
[Termination "normal"]
[Board "3.1"]
[WhiteElo "1675"]
[BlackElo "1490"]
[WhiteClock "00:19:44"]
[BlackClock "00:44:43"]
[WhiteTeam "Karlsruher SF 1853"]
[BlackTeam "ATSV Oberkotzau"]
[PlyCount "123"]
[WhiteFideId "16240898"]
[BlackFideId "16239776"]
[EventCountry "GER"]
[EventRounds "7"]
[EventType "team-swiss"]
[EventDate "2022.04.29"]

1. d4 {[%clk 1:30:58]} f5 {[%clk 1:30:56]} 2. c4 {[%clk 1:31:21]} Nf6 {[%clk
1:31:19]} 3. Nc3 {[%clk 1:31:34]} d6 {[%clk 1:31:30]} 4. Nf3 {[%clk 1:31:04]}
g6 {[%clk 1:31:35]} 5. g3 {[%clk 1:31:24]} Bg7 {[%clk 1:31:40]} 6. Bg2 {[%clk
1:31:49]} Nbd7 {[%clk 1:31:26]} 7. O-O {[%clk 1:31:58]} e5 {[%clk 1:31:11]} 8.
e4 {[%clk 1:30:51]} Nxe4 {[%clk 1:29:07]} 9. Nxe4 {[%clk 1:30:11]} fxe4 {[%clk
1:29:24]} 10. Ng5 {[%clk 1:29:03]} Qe7 {[%clk 1:27:37]} 11. d5 {[%clk 1:27:06]}
Nf6 {[%clk 1:26:20]} 12. Nxe4 {[%clk 1:24:32]} Nxe4 {[%clk 1:26:14]} 13. Bxe4
{[%clk 1:24:55]} O-O {[%clk 1:25:02]} 14. Qc2 {[%clk 1:17:12]} b6 {[%clk
1:23:30]} 15. b4 {[%clk 1:12:48]} Bf5 {[%clk 1:20:50]} 16. Bb2 {[%clk 1:12:01]}
a5 {[%clk 1:20:06]} 17. a3 {[%clk 1:11:08]} axb4 {[%clk 1:20:11]} 18. axb4
{[%clk 1:11:33]} Bxe4 {[%clk 1:20:08]} 19. Qxe4 {[%clk 1:11:40]} Rfe8 {[%clk
1:17:09]} 20. b5 {[%clk 1:07:58]} Qg5 {[%clk 1:13:47]} 21. Qc2 {[%clk 0:54:39]}
Qe7 {[%clk 1:08:50]} 22. Rae1 {[%clk 0:38:23]} Qd7 {[%clk 1:07:16]} 23. Re4
{[%clk 0:36:34]} Rf8 {[%clk 1:05:11]} 24. Rfe1 {[%clk 0:33:37]} Rae8 {[%clk
1:04:18]} 25. Qe2 {[%clk 0:33:22]} Kf7 {[%clk 1:00:53]} 26. f4 {[%clk 0:32:33]}
Qe7 {[%clk 0:55:23]} 27. Qe3 {[%clk 0:26:59]} Bf6 {[%clk 0:52:22]} 28. fxe5
{[%clk 0:24:47]} Bxe5 {[%clk 0:50:30]} 29. Bxe5 {[%clk 0:24:56]} dxe5 {[%clk
0:50:58]} 30. Rxe5 {[%clk 0:25:13]} Qd7 {[%clk 0:50:48]} 31. Re6 {[%clk
0:24:30]} Qd8 {[%clk 0:48:26]} 32. Qe5 {[%clk 0:19:50]} Qd7 {[%clk 0:46:52]}
33. Qg5 {[%clk 0:18:25]} Kg8 {[%clk 0:45:38]} 34. Kg2 {[%clk 0:15:36]} Qf7
{[%clk 0:44:51]} 35. Qe3 {[%clk 0:14:43]} Rxe6 {[%clk 0:43:44]} 36. Qxe6 {[%clk
0:15:05]} Qxe6 {[%clk 0:43:26]} 37. Rxe6 {[%clk 0:15:31]} Kf7 {[%clk 0:43:18]}
38. Rc6 {[%clk 0:15:54]} Rc8 {[%clk 0:43:01]} 39. d6 {[%clk 0:15:23]} Ke8
{[%clk 0:43:11]} 40. dxc7 {[%clk 0:15:16]} Kd7 {[%clk 0:43:32]} 41. c5 {[%clk
0:12:33]} bxc5 {[%clk 0:41:21]} 42. Rxc5 {[%clk 0:12:56]} Rxc7 {[%clk 0:41:42]}
43. Rxc7+ {[%clk 0:13:22]} Kxc7 {[%clk 0:42:07]} 44. Kf3 {[%clk 0:13:49]} Kb6
{[%clk 0:42:26]} 45. Ke4 {[%clk 0:14:08]} Kxb5 {[%clk 0:42:49]} 46. Ke5 {[%clk
0:14:18]} Kc4 {[%clk 0:43:08]} 47. Kf6 {[%clk 0:14:44]} Kd4 {[%clk 0:42:47]}
48. Kg7 {[%clk 0:14:52]} Ke4 {[%clk 0:41:45]} 49. Kxh7 {[%clk 0:15:05]} Kf5
{[%clk 0:41:17]} 50. Kh6 {[%clk 0:15:16]} g5 {[%clk 0:41:30]} 51. Kh5 {[%clk
0:15:42]} Kf6 {[%clk 0:41:33]} 52. g4 {[%clk 0:16:08]} Kg7 {[%clk 0:41:59]} 53.
Kxg5 {[%clk 0:16:33]} Kh7 {[%clk 0:42:23]} 54. Kf6 {[%clk 0:16:57]} Kg8 {[%clk
0:42:42]} 55. Kg6 {[%clk 0:17:23]} Kh8 {[%clk 0:43:07]} 56. Kf7 {[%clk
0:17:44]} Kh7 {[%clk 0:43:29]} 57. g5 {[%clk 0:18:01]} Kh8 {[%clk 0:43:36]} 58.
h4 {[%clk 0:18:21]} Kh7 {[%clk 0:44:02]} 59. g6+ {[%clk 0:18:38]} Kh6 {[%clk
0:44:10]} 60. g7 {[%clk 0:19:03]} Kh5 {[%clk 0:44:33]} 61. g8=Q {[%clk
0:19:20]} Kh6 {[%clk 0:44:43]} 62. Qg6# {[%clk 0:19:44]} 1-0